| 000 | 04560nam a22006137a 4500 | ||
|---|---|---|---|
| 003 | AR-RoUNA | ||
| 005 | 20260519093425.0 | ||
| 008 | 260518b |||||||| |||| 00| 0 spa d | ||
| 020 | _a978-1638402022 | ||
| 040 |
_aAR-RoUNA _bspa _dAR-RoUNA |
||
| 041 | _aeng | ||
| 044 | _aag | ||
| 245 | 1 | 0 |
_aFuture or eclipse of criticism _c/ editoras Lina Malfona, Lucía Giorgetti, Cecilia Marcheschi y Elisa Barsanti |
| 260 |
_aNueva York, _aBarcelona : _bActar Publishers, _c2025. |
||
| 300 |
_a259 p.: _c17x13 cm |
||
| 505 | 0 | _tINDICE | |
| 505 | 0 | _tDISCURSO DE APERTURA | |
| 505 | 0 | _aMargherita Guccione, MAXXI Roma. p. 12 | |
| 505 | 0 | _aLuca Lanini, Universidad de Pisa, italia. p. 16 | |
| 505 | 0 | _tINTRODUCCION | |
| 505 | 0 | _aLina Malfona, Universidad de Pisa, Italia. p. 20 | |
| 505 | 0 | _tENSAYOS | |
| 505 | 0 | _aMarco Biraghi (Arquitecto ,Politécnico de Milán) / El destino de la crítica. p. 40 | |
| 505 | 0 | _a Franco Purini (Universidad Sapienza de Roma) / Un regalo insuperable. p. 47 | |
| 505 | 0 | _aCynthia Davidson (Editora de la Revista LOG) / En estado crítico. p. 52 | |
| 505 | 0 | _aJoseph Bedford / Sobre el valor de la crítica en la enseñanza de la arquitectura: el jurado abierto y la promesa democrática liberal de la pedagogía de posguerra. p.64 | |
| 505 | 0 | _aAlberna Yaneva (Politécnico de Torino) / Poniendo las cosas en órbita: El nuevo estilo de crítica. p. 89 | |
| 505 | 0 | _aLorenzo Ciccarelli / (Universidad Politécnica de Florencia) / El pensamiento crítico y la arquitectura como mercancía. p. 111 | |
| 505 | 0 | _aStan Allen (Universidad de Princeton) / ¿Un debate inconcluso? Revisitando lo crítico y lo proyectivo. p. 118 | |
| 505 | 0 | _tENTREVISTAS | |
| 505 | 0 | _aNina Bassolli. p. 136 | |
| 505 | 0 | _a Giovanna Borasi, Centro de Arquitectura Canadiense. p. 148 | |
| 505 | 0 | _a Pippo Ciorra, Universidad de Camerino. p. 154 | |
| 505 | 0 | _a Fulvio Irace, Politécnico de Milán. p. 167 | |
| 505 | 0 | _aHelene Janniere, Universidad de Rennes 2. p. 181 | |
| 505 | 0 | _aPierluigi Nicolin, Director de la Revista Lotus. p. 191 | |
| 505 | 0 | _aCarlo Olmo, Politécnico de Milán. p. 201 | |
| 505 | 0 | _aTeresa Stoppani, Universidad de las Artes de Norwich. p. 214 | |
| 505 | 0 | _tNOTAS DEL EDITOR | |
| 505 | 0 | _aElisa Barsanti, Ceciia Marcheschi (Universidad de Pisa) / Ecos críticos. p. 226 | |
| 505 | 0 | _aLucia Giorgetti (Universidad de Pisa) / Bibliografía. p. 238 | |
| 505 | 0 | _tINDICE | |
| 505 | 0 | _aListado de nombres. p. 254 | |
| 520 | _a¿Ha desaparecido definitivamente la crítica arquitectónica o se ha adaptado a las presiones, exigencias y modas actuales? Su desaparición puede deberse a la fibrilación o la astenia, a un juicio, condena y crítica excesivamente severos, o, por el contrario, a una resignada aceptación de la realidad. Pero, ¿debería considerarse lamentable el ocaso de la crítica actual? ¿No podría su ausencia ser aclamada como una nueva etapa de rigor y objetividad? El objetivo tanto del ciclo de conferencias «El futuro o el ocaso de la crítica», presentado en el Museo MAXXI de Roma, como del simposio homónimo celebrado en la Escuela de Ingeniería de la Universidad de Pisa, fue identificar aquellas figuras, exposiciones, proyectos editoriales y construcciones paradigmáticas que han apoyado o guiado enfoques críticos específicos. Pero antes de cuestionar el futuro de la crítica, los participantes se preguntaron si esta aún podría desempeñar un papel en la sociedad y, en caso afirmativo, de qué manera. De hecho, en un panorama cultural atrapado entre la horizontalidad de las redes sociales y la verticalidad de poderosas instituciones culturales, centros de investigación, think tanks, museos y bienales, la figura heroica del crítico ha sido reemplazada por la más atractiva del periodista y curador de arquitectura. Con contribuciones de Stan Allen, Nina Bassoli, Joseph Bedford, Marco Biraghi, Giovanna Borasi, Lorenzo Ciccarelli, Cynthia Davidson, Fulvio Irace, Lucia Giorgetti, Hélène Jannière, Lina Malfona, Pierluigi Nicolin, Franco Purini, Carlo Olmo, Albena Yaneva, Teresa Stoppani, Lucia Giorgetti, Cecilia Marcheschi y Elisa Barsanti | ||
| 650 | 4 | _aUrbanismo | |
| 700 | 1 |
_aMalfona, Lina _eedt _927733 |
|
| 700 | 1 |
_aGiorgetti, Lucia _eedt _927734 |
|
| 700 | 1 |
_aMarcheschi, Cecilia _eedt _927735 |
|
| 700 | 1 |
_aBarsanti, Elisa _eedt _927736 |
|
| 908 | _aImp | ||
| 942 |
_2udc _cLIB |
||
| 945 | _d2026-05-18 | ||
| 980 |
_65 _aMaría Machado _85 _gMaría Machado |
||
| 999 |
_c12417 _d12417 |
||